| 000 | 00834cam a22002534a 4500 | ||
|---|---|---|---|
| 001 | 11978022 | ||
| 005 | 20180809095500.0 | ||
| 008 | 000418s2000 flu b 001 0 eng | ||
| 010 | _a 00031171 | ||
| 020 | _a0849387361 (alk. paper) | ||
| 040 |
_aDLC _cDLC _dDLC |
||
| 041 | _aeng | ||
| 042 | _apcc | ||
| 080 | _a618.923 PAR | ||
| 082 | 0 | 0 |
_a618.923 PAR _221 |
| 100 | 1 | _a8 | |
| 101 | _aPED | ||
| 245 | 1 | 0 |
_aChildhood obesity : _cby Jana Pařízková, Andrew P. Hills. |
| 263 | _a1111 | ||
| 504 | _aIncludes bibliographical references and index. | ||
| 906 |
_a7 _bcbc _corignew _d1 _eocip _f20 _gy-gencatlg |
||
| 942 |
_2ddc _cBK |
||
| 999 |
_c46989 _d46989 |
||